|
|
|
|
| LEADER |
01383nam a2200361Ia 4500 |
| 001 |
EBC275468 |
| 003 |
MiAaPQ |
| 005 |
20200520144314.0 |
| 006 |
m o d | |
| 007 |
cr cn||||||||| |
| 008 |
000815s2006 enk s 000 0 eng d |
| 020 |
|
|
|z 1846631467
|
| 035 |
|
|
|a (MiAaPQ)EBC275468
|
| 035 |
|
|
|a (Au-PeEL)EBL275468
|
| 035 |
|
|
|a (CaPaEBR)ebr10146683
|
| 035 |
|
|
|a (CaONFJC)MIL70548
|
| 035 |
|
|
|a (OCoLC)935261721
|
| 040 |
|
|
|a MiAaPQ
|c MiAaPQ
|d MiAaPQ
|
| 050 |
|
4 |
|a HD60
|b .C67 2006
|
| 245 |
0 |
0 |
|a Corporate responsibility and competitiveness
|h [electronic resource] /
|c guest editors: Gilbert Lenssen, Wojciech Gasparski, Boleslaw Rok and Peter Lacy.
|
| 260 |
|
|
|a Bradford, England :
|b Emerald Group Publishing,
|c c2006.
|
| 300 |
|
|
|a 225 p.
|
| 490 |
0 |
|
|a Corporate Governance, the international journal of business in society ;
|v 6, no. 4
|
| 533 |
|
|
|a Electronic reproduction. Ann Arbor, MI : ProQuest, 2015. Available via World Wide Web. Access may be limited to ProQuest affiliated libraries.
|
| 650 |
|
0 |
|a Social responsibility of business.
|
| 650 |
|
0 |
|a Macroeconomics.
|
| 655 |
|
4 |
|a Electronic books.
|
| 700 |
1 |
|
|a Lenssen, Gilbert.
|
| 700 |
1 |
|
|a Gasparski, Wojciech.
|
| 700 |
1 |
|
|a Rok, Bolesaw.
|
| 700 |
1 |
|
|a Lacy, Peter.
|
| 710 |
2 |
|
|a ProQuest (Firm)
|
| 856 |
4 |
0 |
|u https://ebookcentral.proquest.com/lib/matrademy/detail.action?docID=275468
|z Click to View
|